00358nam a2200133 a 450000500170000000800410001705000200005810000250007824500160010325000120011926000350013144000280016665000300019420140414132101.0100717s19uu xx 00 eng d aM 912bC46 1993 aChristesen, Barbara, aMap skills. aRevised aNew York :bScholastic,c1993. aScholastic skills books aMapsxJuvenile literature